V prvej hre sa rozplakal V rodine herca aj utorok môže byť nedeľou

Bibliographic Details
Main Author: Buzoga, Michal, 1933- (Author)
Format: Article
Language:Slovak
PhysicalDescription:Fotogr. 5
ISSN:0139-6323
Subjects:

MARC

LEADER 00000nab a2200000 a 4500
001 vtls000576898
003 SK-MaSNL
005 20260303010941.0
008 160216c1996 xo 0 slo
015 |a SNBRB19rr/mm-uuuuu 
035 |a CL0577036 
040 |a SNKBUCL  |b slo  |c SNKBUCL  |e AACR2 
041 0 |a slo 
044 |a xo  |c SK 
080 |a 792.071.2  |2 1981 
080 |a 791.44.071.2  |2 1981 
080 |a 929 Výrostko, František  |2 1981 
100 1 |a Buzoga, Michal,  |d 1933-  |4 aut  |9 38790 
245 1 0 |a V prvej hre sa rozplakal  |b V rodine herca aj utorok môže byť nedeľou  |c Michal Buzoga 
300 |b Fotogr. 5 
600 1 7 |a Výrostko, František,  |d 1954-  |2 snkbucl  |9 124696 
655 7 |a články z novín a časopisov  |2 snkbucl  |9 267496 
773 0 |t Život  |g Roč. 46, č. 9 (1996), s. 6-7  |x 0139-6323 
850 |a Slovenská národná knižnica v Martine  |a MTA001 
852 |a SNK  |b KIS3GCP 
958 |a BX 
958 |a RK 
958 |a SK 
992 |a RBX 
999 |c 1589757  |d 1591687